000 00583cam a22002052a 4500
001 016758
003 AR-FADEU
008 311216n1987####xxu####################dd
020 _a950-20-0439-6
092 _aD346.1
_bR622d
100 _aRivera, Julio César, dir.
245 _aDerecho civil : parte general
260 _aBuenos Aires
260 _bAbeledo-Perrot
260 _c1987
300 _a2 v.
500 _aTomo 1. Inv. 455. Concepto y evolución del derecho civil. -- Tomo 2. inv. 456. Ley de transplantes de organos
650 _aDERECHO CIVIL
942 _cBDGR
999 _c22510
_d22510